ბათუმის შოთა რუსთაველის სახელმწიფო უნივერსიტეტის ბიბლიოთეკა

Респонсивные акты в аспекте теории и перевода: დისერტაცია / (ბიბ.ჩანაწერი № 52179)

000 -LEADER
fixed length control field 00977nam a2200241Ia 4500
001 - CONTROL NUMBER
control field 19187
003 - CONTROL NUMBER IDENTIFIER
control field GE_BSU
005 - DATE AND TIME OF LATEST TRANSACTION
control field 20220920153134.0
008 - FIXED-LENGTH DATA ELEMENTS--GENERAL INFORMATION
fixed length control field 181216s2008||||ge |||||||||||||| ||rus||
040 ## - CATALOGING SOURCE
Transcribing agency GE_BSU
041 ## - LANGUAGE CODE
Language code of text/sound track or separate title rus
080 ## - UNIVERSAL DECIMAL CLASSIFICATION NUMBER
Universal Decimal Classification number 81 Х-201
100 ## - MAIN ENTRY--PERSONAL NAME
Personal name Хардина, Лейла
9 (RLIN) 10405
245 ## - TITLE STATEMENT
Title Респонсивные акты в аспекте теории и перевода: დისერტაცია /
Statement of responsibility, etc. Лейла Хардина; Батумский гос. ун-т им. Шота Руставели.
264 ## - PRODUCTION, PUBLICATION, DISTRIBUTION, MANUFACTURE, AND COPYRIGHT NOTICE
Place of production, publication, distribution, manufacture Батуми;
Name of producer, publisher, distributor, manufacturer Батумский гос. ун-т им. Ш. Руставели,
Date of production, publication, distribution, manufacture, or copyright notice 2008.
300 ## - PHYSICAL DESCRIPTION
Extent 133 стр.
Other physical details 30 см.
653 ## - INDEX TERM--UNCONTROLLED
keyword Респонсивные акты в аспекте теории и перевода
653 ## - INDEX TERM--UNCONTROLLED
keyword Языкознание
653 ## - INDEX TERM--UNCONTROLLED
keyword диссертация
653 ## - INDEX TERM--UNCONTROLLED
keyword დისერტაცია
653 ## - INDEX TERM--UNCONTROLLED
keyword ენათმეცნიერება
942 ## - ADDED ENTRY ELEMENTS (KOHA)
Koha item type წიგნი
Source of classification or shelving scheme
ეგზემპლარები
Withdrawn status Lost status Source of classification or shelving scheme Damaged status Not for loan Permanent Location Current Location Shelving location Date acquired Full call number Barcode Date last seen Copy number Price effective from Koha item type Public note
          ბათუმის შოთა რუსთაველის სახელმწიფო უნივერსიტეტის მთავარი ბიბლიოთეკა ბათუმის შოთა რუსთაველის სახელმწიფო უნივერსიტეტის მთავარი ბიბლიოთეკა წიგნსაცავი 2018-12-17 81 Х-201 22 დისერტ. 2018-12-17 22 2018-12-17 დისერტაცია